Organizacion judicial y procedimiento vigente en materia criminal (Record no. 152671)

MARC details
000 -LEADER
campo de control de longitud fija 00741nam a2200145 i 4500
001 - NÚMERO DE CONTROL
campo de control 152671
003 - IDENTIFICADOR DE NÚMERO DE CONTROL
campo de control ES-MaACL
005 - FECHA Y HORA DE LA ÚLTIMA TRANSACCIÓN
campo de control 20230906204834.0
008 - DATOS DE LONGITUD FIJA--INFORMACIÓN GENERAL
campo de control de longitud fija 931025s1879 sp |||| | spa d
100 1# - ENTRADA PRINCIPAL--NOMBRE DE PERSONA
Nombre de persona Bravo y Tudela, Antonio.
9 (RLIN) 31513
245 10 - MENCIÓN DEL TÍTULO
Título Organizacion judicial y procedimiento vigente en materia criminal
Resto del título : compilación general formada en virtud de la autorizacion concedida por la ley de 30 de Diciembre de 1878 y aprobada por Real Decreto de 16 de octubre de 1879 /
Mención de responsabilidad, etc. con notas, motivos, aclaraciones y comentarios ... por Antonio Bravo y Tudela.
260 ## - PUBLICACIÓN, DISTRIBUCIÓN, ETC.
Lugar de publicación, distribución, etc. Madrid :
Nombre del editor, distribuidor, etc. Librería de Leon P. Villaverde,
Fecha de publicación, distribución, etc. 1879 (
Fabricante Imp. de J. Cruzado)
300 ## - DESCRIPCIÓN FÍSICA
Extensión XV, 448 p. ;
Dimensiones 23 cm.
852 ## - LOCALIZACIÓN
Ubicación ES-MaACL
Número de control de estantería G-3647
Nota libre -- Enc. pasta española
Holdings
Estatus retirado Estado de pérdida Estado de daño No para préstamo Colección Biblioteca de origen Biblioteca actual Ubicación en estantería Fecha de adquisición Fuente de adquisición Total de préstamos Signatura topográfica completa Código de barras Visto por última vez Precio de reemplazo Tipo de ítem Koha
        Libros del s. XIX Biblioteca del Ateneo de Madrid Biblioteca del Ateneo de Madrid Depósito 2 17/01/2008     G-3647 1159438 23/02/2023 23/02/2023 Libro impreso antiguo